Translating Txt Talk Quiz Stats

 Plays Quiz not verified by Sporcle

Also try: Shapeshifter
Challenge
Share
Tweet
Embed
Score 0/30 Timer 05:00
0 Plays Today
txt talk in english % Correct
tht suxthat sucks
84.8%
how bout uhow about you
80.4%
wat hav u done so far dis spring breakwhat have you done so far this spring break
71.7%
notin at all :( totally borednothing at all totally bored
69.6%
oh yeaoh yeah
69.6%
Heyyy my bffl wazzzuphey my best friend for life whats up
65.2%
nm unothing much you
65.2%
thx, I knowthanks, i know
65.2%
yepyep
60.9%
ywhy
60.9%
we went 2 LA!!!!!!!! we went to la
54.3%
did u get a nice tandid you get a nice tan
54.3%
totallytotally
52.2%
nm at all I told unothing much at all I told you
50%
were there any cute guys?!?!?!!!!!?????????were there any cute guys
50%
txt talk in english % Correct
dumped em!dumped him
47.8%
c usee you
47.8%
no i like never tan it really stinksno I like never tan it really stinks
45.7%
nicenice
41.3%
oh yea u said u were gonnaoh yeah you said you were going to
39.1%
hows ur bf doinhows your boyfriend
39.1%
c u tomarrowsee you tomorrow
37%
agreed he wuz a total NERDagreed he was a total nerd
34.8%
2 dayz agotwo days ago
34.8%
yep got ones #yep got ones number
32.6%
ikri know right
32.6%
when did u figure it outwhen did you figure it out
30.4%
gtg eat dinner biigot to go eat dinner bye
28.3%
omg thts soooooo kooloh my gosh thats so cool
26.1%
he... idk didn't like emhe... i don't know i didn't like him
8.7%

You're not logged in!

Compare scores with friends on all Sporcle quizzes.
Join for Free
OR
Log In

You Might Also Like...

Show Comments

Extras

Top Quizzes Today


Score Distribution

Your Account Isn't Verified!

In order to create a playlist on Sporcle, you need to verify the email address you used during registration. Go to your Sporcle Settings to finish the process.

Report this User

Report this user for behavior that violates our Community Guidelines.

Details: